000 01155nam a22003017a 4500
005 20240530110628.0
008 170110s2015 ua ab f b 000 0 ara d
017 _a2014/26658
_bمصر. دار الكتب
020 _a9789772732299
040 _aEG-CaGPL
_cEG-CaGPL
082 0 4 _221
_a622\
_bم ج
100 0 _aمحمد الفتحى بكير محمد
245 1 0 _aجغرافية التعدين و الصناعة /
_cمحمد الفتحى بكير محمد
260 _aالاسكندرية :
_bدار المعرفة الجامعية ،
_c2015.
300 _a348 ص. :
_bجداول ، خرائط :
_c24 سم.
504 _aيشتمل على ارجاعات ببليوجرافية
650 0 7 _2qrmak
_aالتعدين
650 0 7 _2qrmak
_aالمعادن الثمينة
650 0 7 _2qrmak
_aالمعادن المشعة
650 0 7 _2qrmak
_aالفحم
650 0 7 _2qrmak
_aالبترول
650 0 7 _2qrmak
_aالغاز الطبيعى
650 0 7 _2qrmak
_aالتعدين
_xجغرافيا
650 0 7 _2qrmak
_aالحديد
_xصناعة و تجارة
651 _2qrmak
942 _2ddc
_cBK
999 _c63200
_d63200